000 00341 a2200109 4500
001 ART_28123
005 20260410161951.0
008 260409a
245 1 0 _aMacroeconomic policy lessons from LDCS
100 1 _aRodríguez, Carlos Alfredo
773 0 _tJournal of applied economics
_g- Vol. 3, Nº 1 (mayo 2000)
_wREV28044
999 _c30370
_d30370